00643nam a2200217Ia 4500999001300000020001800013082001700031100001900048245001500067260003400082300001000116440004000126504002600166650003000192650002300222650002200245650002800267700001800295942000700313952010500320 c304d304 a0-631-16440-5 a303.64 BAE-; aBaechler, Jean 0aRevolution aOxfordbBasil Blackwellc1975 a206p. aKey concepts in the social sciences aIncludes bibliography aRevolutions and socialism aPolitical violence aSocial psychology aRevolutions - Philosoph aVickers, Joan cBK 00104070aNASSDOCbNASSDOCd2004-06-08l0o303.64 BAE-;p8618r2019-04-18 00:00:00w2019-04-18yBK